Дело о службе музыканта Карла Цета

Доступно только в Электронных читальных залах Найти на картеНа карте
RUSMARC
00003973nmc2a22000003x 450
00101c8f866-9652-4306-9a56-8924bd2ebe7c
00520181010015848.0
100##$a20161223l18221830k l0rusy0189 ca
1010#$arus
102##$aRU
2001#$aДело о службе музыканта Карла Цета
$j8 октября 1822 г. - 4 апреля 1830 г.
251##$cДело
300##$aДело
300##$aОриг. заголовок дела: Дело о смерти музыканта Цета и о прошении жены его, о назначении ей пенсиона. 8 октября 1822 г. - 4 апреля 1830 г
801#0$aRU
$bРГИА
$c20161223
$gRCR
801#1$aRU
$bГлавНИВЦ
$c20161223
$2rusmarc
801#2$aRU
$bПБ им. Б.Н. Ельцина
$c20181010
$gRCR
$2rusmarc
850##$aРГИА
852##$aРГИА
$eФедеральное казенное учреждение "Российский государственный исторический архив" (РГИА)
$j2254
937##$hРГИА
$d12236501
$aASBIBLIO_SCAN
462#0$1001dd3991dc-24e1-42ec-8838-ca4255420416
$12001
$a1746-1850 гг.
$1251
$cОпись
$1852
$j1
461#0$10019264ebf8-de62-4f1a-9eb4-9f22098dbbd5
$12001
$aДирекция императорских театров МИДв
$1251
$cФонд
$1852
$j497
215##$a26 л.
$d36,5х26 см
371##$aДокумент не является опубликованным и широко распространяемым
105##$ay###
1222#$ad
5171#$aДело о смерти музыканта Цета и о прошении жены его, о назначении ей пенсиона. 8 октября 1822 г. - 4 апреля 1830 г
035##$a01c8f866-9652-4306-9a56-8924bd2ebe7c
856##$uhttp://readingroom.main.prlib.ru/item.aspx?id_node=n119123302&mode=full
Формат отображения